Quizzes
Events
Quiz Creation
Community
Videos
Private Events
Remove Ads
Sign In
Join for FREE
Feedback
Dark Mode
Quiz Categories
Sports
Geography
Music
Movies
Television
Just For Fun
Miscellaneous
History
Literature
Language
Science
Gaming
Entertainment
Religion
Holiday
For Kids
Quiz Lab
Recent
Popular Today
Quiz Kudos Today
Editor Picks
Curator Picks
Quizzes by...
Day
Popularity
Type
Ratings
Length
Year
Community
Subscriptions
Recent Discussions
Orange Saloon
Badges
Playlists
Quests
Create
Leaderboards
Showdown
Live 5
Trivia Bingo
Activity
Puzzle Library
Sporcle Events
Private Events
Virtual Trivia
Globe League
Become a Host
Pub Owners
SporcleCon
Opinionation
Our Games
Videos
Blog
Mobile Apps
Partnerships
Remove Ads and Go Orange
Feedback
Entertainment
Celebrity
Famous
Musical
Broadway
Show
Quote
Comic Books
Anime
Superhero
DC Comics
Marvel
Cartoons
Animation
Entertainment
Celebrity
Famous
Musical
Broadway
Show
Quote
Comic Books
Anime
Superhero
DC Comics
Marvel
Cartoons
Animation
Random Quiz
Search Sporcle
×
Quiz Lab
Quiz Lab
Entertainment
Anime
Type in answers that appear in a list
Type in answers that appear in a list
Classic
Best Score? Go Orange.
DBZ: The Good Stats
Can you find the Z Fighters in this quiz?
By
ThatGodPerson
5m
15 Questions
29 Plays
29 Plays
29 Plays
Comments
Comments
Give Quiz Kudos
Give Quiz Kudos
-
- Ratings
hide this ad
Forced Order
Answers have to be entered in order
Answers have to be entered in order
Random Order
Randomize order of answers
Randomize order of answers
Replay
Link that replays current quiz
Next Quiz
Link to next quiz in quiz playlist
You Got
0%
They Got
Avg Score
74%
Avg Friend Score
Upgrade to see
Score Distribution
Jump to the score distribution portion of the page
Score
0/15
Timer
05:00
0
Plays Today
Description
Character
% Correct
He's the strongest human ever, he has a beautiful wife, a loving daughter and the most laughable jokes (competence inclusive). How then does he suck?
Krillin
96.6%
Youngest Super Saiyan ever; turned so because he got wasted by a human.
Goten
93.1%
Lousy husband, lousier father, likes to fight and eat and is a nincompoop; quite the simpleton too.
Goku
89.7%
Arguably the most badass antihero ever, now reduced to **** and giggles by his scientist wife.
Vegeta
89.7%
Lives on an island with a pig and a turtle, is one of the foremost masters in martial arts and is also a lecherous drunkard. Then again, he's old.
Roshi
89.7%
Probably the biggest wimp in the history of martial arts, but is also the most famous person at the same time.
Mr. Satan
82.8%
The irony-
can't reproduce but takes care of someone else's child for his entire life.
Piccolo
82.8%
Scrub got killed by a Saibaman. Ouch.
Yamcha
82.8%
Description
Character
% Correct
His third eye just exists. It doesn't do anything else.
Tien Shinhan
75.9%
Was undeniably awesome, went even further beyond and now he's washed up. Probably the biggest let-
down in DragonBall.
Gohan
75.9%
He likes to eat. That's probably why Goku invited him to a fight even though he was kinda evil.
Buu
58.6%
Was on the wrong end of Self-
Destruct.
Chiaotzu
55.2%
Beat his counterpart to prove a point to his sad excuse for a father.
Trunks
51.7%
Probably one of the most fearsome threats in her day, but was shown a light by none other than Dr. Bean Man.
Android 18
51.7%
Was beaten unconscious by his mentor, who was killed brutslly by two teenagers who were exacted their share of revenge. Sad.
Future Trunks
41.4%
Quiz Playlist
Details
Report
Send in Message
Add To Playlist
Classic:
Type in answers that appear in a list
Forced Order:
Answers have to be entered in order
Random Order:
Randomize order of answers
Last Updated: Oct 4, 2019
Quiz Scoreboard
CHALLENGE
Sign Up to Join the Scoreboard
Show All
Scores
Hide
Comments
May contain spoilers
Recently Published
One Thing in Common: World Cities II
by knightlancer
Geography
7m
Popular People in 1961
by mucciniale
History
6m
1-10 Letter E Words III
by El_Dandy
Language
2m
More to Explore
Quiz From the Vault
Featured Blog Post
Where Did the Easter Bunny Come From?
hide this ad
You Might Also Like...
Tags
Anime Quiz
Today's Top Quizzes in Entertainment
Browse Entertainment
hide this ad
Today's Top Quizzes in Anime
Browse Anime
Top Contributed Quizzes in Entertainment
1
Kamen Rider Motifs
2
Dragon Ball Z: Mega Character Search
3
Undead Unluck Minefield
4
Dragon Ball Z: Goku's Fights in Order
5
Survivor Winners Logic Quiz
6
Who Wants to Be a Millionaire: Anime Edition
7
10-to-1 Anime Arc Sorting Gallery
8
Criteria Quickie: Cartoon Taxonomy II
9
Ana Gasteyer or Kathryn Hahn?
10
One Piece 11-1
Explore More
Trending Topics
Harry Potter
NBA
Kpop
Disney
Marvel
Anime
Crossword
Pokémon
Country
Song
The Office
WWE
Soccer
Puzzle
NFL
hide this ad
More By:
ThatGodPerson
Quiz
Plays
Rating
Category
Featured
Created
DB Character by TFS Dialogue
90
2.00
Entertainment
Oct 4, 2019
The Generational Quiz
75
5.00
Gaming
Jul 20, 2023
Catch that DBZA Reference
37
1.00
Entertainment
Oct 1, 2019
DBZ: The Good
29
1.67
Entertainment
Oct 4, 2019
Name the Pokemon Character
23
1.00
Entertainment
Jul 11, 2020
Go to Creator's Profile
Score Distribution
Quiz Creator Spotlight
ThatGodPerson
Follow
Send a Message
Quizzes Created
-
Created Quiz Play Count
-
More By This Creator
Popular Quizzes Today
1
Find the US States - No Outlines Minefield
2
The Countries of the World
3
Popular People in 1961
4
Find the Countries of Europe - No Outlines Minefield
5
1-10 Letter E Words III
6
Find the US States
7
One Thing in Common: World Cities II
8
US States
More Entertainment Quizzes
How'd Ya Die: DC Comics
Published
Trending Quizzes
1-10 Letter F Words
1-10 Letter G Words
Risky Map Clicking: Next State Alphabetically
1-10 Letter F Words II
Risky Map Clicking: States by Unique Starting Letters
Recently Updated
Leaping Animals
pecheneg
Reality TV Shows (A-Z)
bhenderson79
Rickey Henderson's Hall of Fame Teammates
pecheneg
Champions League XIs: Arsenal
pecheneg
Quick Pick: Celebrities in WWE's Hall of Fame
aduchscher
A-Z Keypad Blitz II
pecheneg
Multiple Oscar Actors
pecheneg
Mystery Phrase Blitz: Oscar 'Best Actors'
pecheneg
F. Scott Fitzgerald Novels
LTH
Pick 3 Villains
ddd62291
Trending Topics
Disney
Crossword
NBA
Harry Potter
Marvel
Anime
Kpop
Puzzle
Soccer
The Office
Country
NFL
WWE
Song
Pokémon
Your Account Isn't Verified!
In order to create a playlist on Sporcle, you need to verify the email address you used during registration. Go to your
Sporcle Settings
to finish the process.
Report this User
Report this user for behavior that violates our
Community Guidelines
.
Details:
Send Report
Go to the Sporcle.com Mobile Site →
Comments